000
00234nam a2200097Ia 4500
008
190216s9999||||xx |||||||||||||| ||und||
100
_a
Krishna Varier
245
0
_a
Vinjana Shabdavali
260
_b
Kerala Basha Inst
942
_c
BK
999
_c
38757
_d
38757